00384nam a2200157Ia 45000010006000000050017000060080041000230410008000640820015000721000046000872450041001332600009001743000027001836500008002106540008002182090620260306172840.0260306t2015||||xx |||||||||||||| ||spa|| aESP a343.8bR75 aRodríguez Alarcón, Diana RocíoeAUT 0aNotificación electrónica - Sunat c2015 a31 páginas :c24 cm. aGEN aCCO